Carta de serveis de la Unitat Biblioteca General Administrativa
Descripción Física:
[4] p. ; 21 cm
MARC
| LEADER | 00000nam a2200000Ia 4500 | ||
|---|---|---|---|
| 001 | 14966 | ||
| 003 | BGR | ||
| 005 | 20260324175721.0 | ||
| 008 | 160829s9999 xx 000 0 cat d | ||
| 080 | |a FU-31-87 | ||
| 110 | 1 | |a Barcelona (Catalunya : Província). |b Diputació |b Unitat Biblioteca General Administrativa |9 52408 | |
| 245 | |a Carta de serveis de la Unitat Biblioteca General Administrativa | ||
| 260 | |a [Barcelona] : |b Institut d'Edicions, DL 2002 | ||
| 300 | |a [4] p. ; |c 21 cm | ||
| 590 | |a A la part superior de la portada: Diputació de Barcelona, Xarxa de Municipis, Àrea de Règim Interior, Hisenda i Planificació, Servei de Logística | ||
| 650 | |a Barcelona. Diputació. Servei de Logística. Unitat Biblioteca General Administrativa |9 38932 | ||
| 901 | |a Arxiu | ||
| 942 | |n 1 |2 udc |c MON | ||
| 952 | |0 0 |1 0 |4 0 |6 FU3187 |7 1 |9 48695 |a Arxiu |b Arxiu |d 2016-12-01 |l 0 |o FU-31-87 |p 14966 |r 2016-12-01 00:00:00 |w 2016-12-01 |y ARXIU | ||
| 999 | |c 52525 |d 52525 | ||